000 00365nam a2200145Ia 4500
008 230917s9999||||xx |||||||||||||| ||und||
040 _e49813
_aMAIN
041 _aEnglish
082 _a200 V181R
100 _aVahiduddin, Syed
245 0 _aReligion at the cross-roads
260 _aDelhi
_bIdarah-i Adabiyat-i Delli
_c1980
300 _axv, 48 p.
942 _cBK
999 _c214371
_d214371